|
|
|
|
| LEADER |
01715nam a2200421Ia 4500 |
| 001 |
EBC408270 |
| 003 |
MiAaPQ |
| 005 |
20200520144314.0 |
| 006 |
m o d | |
| 007 |
cr cn||||||||| |
| 008 |
030401s1986 ilu sb 001 0 eng d |
| 010 |
|
|
|z 85016502
|
| 020 |
|
|
|z 0226264130
|
| 020 |
|
|
|z 9780226264134
|
| 020 |
|
|
|z 9780226264240
|
| 035 |
|
|
|a (MiAaPQ)EBC408270
|
| 035 |
|
|
|a (Au-PeEL)EBL408270
|
| 035 |
|
|
|a (CaPaEBR)ebr10216895
|
| 035 |
|
|
|a (CaONFJC)MIL122347
|
| 035 |
|
|
|a (OCoLC)290516241
|
| 040 |
|
|
|a MiAaPQ
|c MiAaPQ
|d MiAaPQ
|
| 050 |
|
4 |
|a HG4061
|b .F53 1986
|
| 245 |
0 |
0 |
|a Financing corporate capital formation
|h [electronic resource] /
|c edited by Benjamin M. Friedman.
|
| 260 |
|
|
|a Chicago :
|b University of Chicago Press,
|c 1986.
|
| 300 |
|
|
|a 127 p.
|
| 490 |
1 |
|
|a A National Bureau of Economic Research project report
|
| 500 |
|
|
|a Papers presented at a conference held at Williamsburg, Va., Sept. 20-21, 1984, sponsored by the National Bureau of Economic Research.
|
| 504 |
|
|
|a Includes bibliographies and index.
|
| 533 |
|
|
|a Electronic reproduction. Ann Arbor, MI : ProQuest, 2015. Available via World Wide Web. Access may be limited to ProQuest affiliated libraries.
|
| 650 |
|
0 |
|a Capital
|z United States
|v Congresses.
|
| 650 |
|
0 |
|a Corporations
|z United States
|x Finance
|v Congresses.
|
| 650 |
|
0 |
|a Saving and investment
|z United States
|v Congresses.
|
| 655 |
|
4 |
|a Electronic books.
|
| 700 |
1 |
|
|a Friedman, Benjamin M.
|
| 710 |
2 |
|
|a National Bureau of Economic Research.
|
| 710 |
2 |
|
|a ProQuest (Firm)
|
| 830 |
|
0 |
|a National Bureau of Economic Research project report.
|
| 856 |
4 |
0 |
|u https://ebookcentral.proquest.com/lib/matrademy/detail.action?docID=408270
|z Click to View
|